书目信息 |
| 题名: |
学术论文写作课
|
|
| 作者: | 近江幸治 著 ;吕斌 , 项佳航 译 | |
| 分册: | ||
| 出版信息: | 北京 北京大学出版社 2024.08 |
|
| 页数: | 12,275页 | |
| 开本: | 21cm | |
| 丛书名: | ||
| 单 册: | ||
| 中图分类: | H152.3 | |
| 科图分类: | ||
| 主题词: | 论文--写作 | |
| 电子资源: | ||
| ISBN: | 978-7-301-35182-6 | |
| 000 | 01418nam0 2200289 450 | |
| 001 | 01174156 | |
| 005 | 20251022093736.76 | |
| 010 | @a978-7-301-35182-6@dCNY49.00 | |
| 100 | @a20241014d2024 em y0chiy0120 ea | |
| 101 | 1 | @achi@cjpn |
| 102 | @aCN@b110000 | |
| 105 | @ay z 000yy | |
| 106 | @ar | |
| 200 | 1 | @a学术论文写作课@9xue shu lun wen xie zuo ke@d学術論文の作法論文の構成?文章の書き方?研究倫理@f(日)近江幸治著@g吕斌,项佳航译@zjpn |
| 205 | @a3版 | |
| 210 | @a北京@c北京大学出版社@d2024.08 | |
| 215 | @a12,275页@d21cm | |
| 305 | @a据原书第3版译出 | |
| 330 | @a本书详细解释了学术论文写作和文章表达的技巧,并对如何书写研究报告、小论文和试题答案给予了详细指导。本书所论述的学术论文制作的方法论建议极富可操作性,紧紧围绕学术论文的制作,以选题的确定到假说的设定和论证过程为基本主线,全方位诠释学术论文的形成过程和具体操作步骤,能够为大学生和研究生提供清晰明确的指导。作者结合其多年的论文指导经验,结合浅显易懂的例子,将学术论文制作的方法论建议与实例深度融合。阐述学术论文的写法和文章表达的技法,使学术论文制作的方法论建议不再如同空中楼阁,高不可攀。极具指导意义和工具价值辐射面广泛。 | |
| 510 | 1 | @a学術論文の作法論文の構成·文章の書き方·研究倫理@zjpn |
| 606 | 0 | @a论文@x写作 |
| 690 | @aH152.3@v5 | |
| 701 | 0 | @c(日)@a近江幸治@9jin jiang xing zhi@4著 |
| 702 | 0 | @a吕斌@9lü bin@4译 |
| 702 | 0 | @a项佳航@9xiang jia hang@4译 |
| 801 | 0 | @aCN@c20250911 |
| 905 | @a河南城建学院图书馆@dH152.3@eJ847=3@ZJ847=3@f1 | |
| 学术论文写作课=学術論文の作法論文の構成?文章の書き方?研究倫理/(日)近江幸治著/吕斌,项佳航译.-3版.-北京:北京大学出版社,2024.08 |
| 12,275页;21cm |
| ISBN 978-7-301-35182-6:CNY49.00 |
| 本书详细解释了学术论文写作和文章表达的技巧,并对如何书写研究报告、小论文和试题答案给予了详细指导。本书所论述的学术论文制作的方法论建议极富可操作性,紧紧围绕学术论文的制作,以选题的确定到假说的设定和论证过程为基本主线,全方位诠释学术论文的形成过程和具体操作步骤,能够为大学生和研究生提供清晰明确的指导。作者结合其多年的论文指导经验,结合浅显易懂的例子,将学术论文制作的方法论建议与实例深度融合。阐述学术论文的写法和文章表达的技法,使学术论文制作的方法论建议不再如同空中楼阁,高不可攀。极具指导意义和工具价值辐射面广泛。 |
| ● |
| 相关链接 |
|
|
|
正题名:学术论文写作课
索取号:H152.3/J847=3
 
预约/预借
| 序号 | 登录号 | 条形码 | 馆藏地/架位号 | 状态 | 备注 |
| 1 | 1636486 | 216364869 | 语言库209/209语言库 74排4列6层/ [索取号:H152.3/J847=3] | 在馆 |